[Event "CZE-chT U18 Extraliga Ost 1819"]
[Site "Czech Republic"]
[Date "2019.01.19"]
[Round "7.2"]
[White "Vojta, Jakub"]
[Black "Svanda, Adam"]
[Result "0-1"]
[WhiteElo "2066"]
[BlackElo "1840"]
[PlyCount "124"]
[EventDate "2018.10.05"]
[EventType "team-tourn"]
[EventRounds "11"]
[EventCountry "CZE"]
[SourceTitle "EXT 2023"]
[Source "ChessBase"]
[SourceDate "2022.10.05"]
[SourceVersion "1"]
[SourceVersionDate "2022.10.05"]
[SourceQuality "1"]
[WhiteTeam "Vlasim (U18)"]
[BlackTeam "Policka Stefanydes (U18)"]
[WhiteTeamCountry "CZE"]
[BlackTeamCountry "CZE"]

1. e4 c5 2. Nf3 e6 3. d4 cxd4 4. Nxd4 Nf6 5. Bd3 d6 6. c4 Nc6 7. Be3 Be7 8. Nc3 0-0 9. 0-0 a6 10. Nc2 Qc7 11. f4 b6 12. Qe2 Bb7 13. Rad1 Rac8 14. b4 Nb8 15. Bd4 Nc6 16. Bf2 Nb8 17. Be1 Rfd8 18. e5 Nfd7 19. Bg3 d5 20. cxd5 Qxc3 21. d6 Bf8 22. f5 Bd5 23. Ne3 Re8 24. Nxd5 exd5 25. e6 Nf6 26. Be5 Qxb4 27. Rf4 Qc5+ 28. Rd4 fxe6 29. Bxf6 exf5 30. Qh5 g6 31. Qg5 Nc6 32. Bxf5 Nxd4 33. Bxd4 Qxd6 34. Bxc8 Rxc8 35. Be3 Rd8 36. Qg4 Bg7 37. Qa4 b5 38. Qb3 Kh8 39. Qd3 d4 40. Bg5 Bf6 41. Bc1 Qc6 42. Bb2 Qd5 43. Rf1 Bg7 44. Qa3 Qd6 45. Qd3 Qe6 46. Bc1 Qxa2 47. Bg5 Re8 48. h4 Qe2 49. Qb3 d3 50. Qd5 Qe5 51. Qxd3 Qd4+ 52. Qxd4 Bxd4+ 53. Kh2 b4 54. Rb1 a5 55. Bd2 Kg8 56. h5 Re5 57. hxg6 hxg6 58. Rb3 Bf2 59. Kh3 Be1 60. Bf4 Re4 61. g3 Bc3 62. Rb1 Re1 0-1

[Event "Litomysl op 20th"]
[Site "Litomysl"]
[Date "2019.01.01"]
[Round "9"]
[White "Svanda, Adam"]
[Black "Jirousek, Jan"]
[Result "0-1"]
[WhiteElo "1932"]
[BlackElo "1785"]
[PlyCount "90"]
[EventDate "2018.12.26"]
[EventType "swiss"]
[EventRounds "9"]
[EventCountry "CZE"]
[SourceTitle "CBM 188 Extra"]
[Source "ChessBase"]
[SourceDate "2019.02.28"]
[SourceVersion "1"]
[SourceVersionDate "2019.02.28"]
[SourceQuality "1"]

1. e4 c6 2. d4 d5 3. Nc3 dxe4 4. Nxe4 Nf6 5. Nxf6+ exf6 6. c3 Bd6 7. Bd3 0-0 8. Qc2 h5 9. Be3 Be6 10. Ne2 Qc7 11. Ng3 g6 12. Ne4 Be7 13. f3 Nd7 14. c4 f5 15. Ng5 Bb4+ 16. Bd2 Qa5 17. a3 Bxd2+ 18. Qxd2 Qxd2+ 19. Kxd2 Rfe8 20. Rhe1 Nb6 21. Nxe6 Rxe6 22. Rxe6 fxe6 23. Re1 Kf7 24. b3 Nd7 25. Kc3 Nf6 26. g3 g5 27. b4 g4 28. f4 h4 29. a4 a6 30. Kb3 Rd8 31. Kc3 hxg3 32. hxg3 Rh8 33. Rg1 Rh3 34. b5 axb5 35. cxb5 cxb5 36. Bxb5 Rxg3+ 37. Rxg3 Ne4+ 38. Kc4 Nxg3 39. Kc5 Ne4+ 40. Kb6 Nc3 41. Bf1 Nxa4+ 42. Kxb7 Nc3 43. Kc6 Nd5 44. Kd6 Kf6 45. Bc4 Nxf4 0-1

[Event "Litomysl op 20th"]
[Site "Litomysl"]
[Date "2018.12.28"]
[Round "4"]
[White "Sabol, Marian"]
[Black "Svanda, Adam"]
[Result "1-0"]
[WhiteElo "2298"]
[BlackElo "1932"]
[PlyCount "92"]
[EventDate "2018.12.26"]
[EventType "swiss"]
[EventRounds "9"]
[EventCountry "CZE"]
[SourceTitle "CBM 188 Extra"]
[Source "ChessBase"]
[SourceDate "2019.02.28"]
[SourceVersion "1"]
[SourceVersionDate "2019.02.28"]
[SourceQuality "1"]

1. d4 Nf6 2. c4 e6 3. Nf3 Bb4+ 4. Bd2 Qe7 5. a3 Bxd2+ 6. Qxd2 c5 7. dxc5 Qxc5 8. Nc3 0-0 9. e3 a6 10. Be2 b6 11. 0-0 Bb7 12. b4 Qc7 13. Rac1 Nc6 14. Rfd1 Rac8 15. Qd6 Rfd8 16. Qxc7 Rxc7 17. Na4 d5 18. Nxb6 dxc4 19. Rxd8+ Nxd8 20. Rxc4 Rxc4 21. Nxc4 Ne4 22. Na5 Bc8 23. Nd4 Nc3 24. Bd3 Kf8 25. Kf1 h6 26. Ke1 Ke8 27. Kd2 Nd5 28. Ndc6 Nxc6 29. Nxc6 Bb7 30. Na5 Bc8 31. Nb3 Ke7 32. Nc5 Nc7 33. Kc3 Kd6 34. a4 f5 35. Bc4 g5 36. f4 Nd5+ 37. Bxd5 Kxd5 38. a5 g4 39. g3 Kc6 40. Kc4 h5 41. Kc3 Kd5 42. Kd3 e5 43. Kc3 e4 44. Kb3 Kd6 45. Kc4 Kc6 46. b5+ axb5+ 1-0